BIBLIOTHÈQUE DE LA MAISON DU MEXIQUE

Logo 1 Logo 2

América Latina en su literatura (notice nᵒ 2181)

détails MARC
000 -Sello discográfico
campo de control de longitud fija 01069nam a2200313 4500
005 - Identificación de versión
campo de control 20251016083230.0
010 ## - Número Estándar Internacional de Libros (ISBN)
Número (ISBN) 968-23-0136-X
035 ## - Otros números de control del sistema
Número de control del sistema 22998
099 ## - fechas locales
Tipo de ítem Koha LIBRO
100 ## - Datos de procesamiento general
Datos de procesamiento general 19971119d19841972m y1spay5003 ba
105 ## - Campo de datos codificados: Material textual, monográfico
Datos codificados de monografía y 001zy
200 1# - Título y mención de responsabilidad
Título propio América Latina en su literatura
Designación general del material texto impreso
Primer mención de responsabilidad Coordinación e introducción César Fernández Moreno
205 ## - Declaración de edición
Declaración de edición 9a ed
210 ## - Publicación, distribución, etc.
Lugar de publicación, distribución, etc. México
Nombre del editor, distribuidor, etc. Siglo Veintiuno Editores
-- Organización de las Naciones Unidas para la Educación, la Ciencia y la Cultura
Fecha de publicación, distribución, etc. 1984
215 ## - Descripción física
Designación de material específico y extensión del ítem 494 p
Dimensiones 23 cm
300 ## - Notas generales
Texto de la nota Incluye índice de nombres
345 ## - Nota de información de adquisición
Fuente de adquisición/dirección de la suscripción [OBSOLETO] Donación
410 #1 - Series
Título Serie América Latina en su cultura
606 ## - Término temático usado como materia
Elemento de entrada Literatura hispanoamericana
Subdivisión temática Historia y crítica
Número Koha 4668
660 ## - Código de área geográfica
Código MX
702 ## - Nombre personal - Responsabilidad secundaria
Elemento de entrada Fernández Moreno
Parte del nombre distinta del elemento de entrada César
Fechas 1919-1985
Número Koha 5174
801 #0 - Fuente de origen
Agencia cm
900 ## -
-- 1/14874
900 ## -
-- 710976458\\191197
942 ## - ELEMENTOS DE ENTRADA SECUNDARIOS (KOHA)
Tipo de ítem Koha Livre
996 ## -
-- MEX
-- 751145101
-- MMAG
-- 009245
-- H860.9 F363AM
-- 20231219LIV
Exemplaires
Estatus retirado Estado de daño Estado de pérdida Fecha de adquisición Biblioteca de origen Biblioteca actual Ubicación en estantería Código de barras Precio de reemplazo Signatura topográfica completa No para préstamo Tipo de ítem Koha Nota pública Nota no pública
      05/08/2025 Casa México Paris Casa México Paris   009245 05/08/2025 H860.9 F363AM   Livre 20231219LIV 751145101